MARC details
| 000 -CABECERA |
| campo de control de longitud fija |
01689nam a22002417a 4500 |
| 005 - FECHA Y HORA DE LA ÚLTIMA TRANSACCIÓN |
| campo de control |
20251014131141.0 |
| 008 - DATOS DE LONGITUD FIJA--INFORMACIÓN GENERAL |
| campo de control de longitud fija |
250901s2005 ag a|||br|||| 000 0 spa d |
| 020 ## - NÚMERO INTERNACIONAL NORMALIZADO PARA LIBROS |
| Número Internacional Normalizado del libro |
9879418530 |
| 040 ## - FUENTE DE CATALOGACIÓN |
| Agencia de catalogación original |
MX-MxUPN |
| 041 0# - |
| -- |
spa |
| 050 14 - |
| -- |
PQ6161 |
| -- |
C5 2005 |
| 100 1# - |
| -- |
Cinetto de González, Liliana Cristina, |
| -- |
1967- |
| -- |
32491 |
| 245 10 - MENCIÓN DE TÍTULO |
| Título |
Biblioteca de los pequeños lectores : |
| Parte restante del título |
mitos y leyendas |
| 260 ## - PUBLICACION, DISTRIBUCION, ETC. (PIE DE IMPRENTA) |
| Lugar de publicación, distribución, etc. |
Colombia : |
| Nombre del editor, distribuidor, etc. |
Círculo Latino Austral, |
| Fecha de publicación, distribución, etc. |
2006 |
| 300 ## - DESCRIPCIÓN FÍSICA |
| Extensión |
88 páginas : |
| Otros detalles físicos |
ilustraciones a color |
| 490 0# - |
| -- |
Biblioteca de los pequeños lectores |
| 500 ## - NOTA GENERAL |
| Nota general |
Donación Cerezo Rojas Karen Fabiola |
| 505 ## - |
| -- |
La vicuña de Coquena/ |
| -- |
inspirada en la leyenda de Coquena del noreste argentino.-- |
| -- |
La caja con luz/ |
| -- |
de la tradición oral de los indios Warao (Venezuela).-- |
| -- |
El colibrí y las flores/ |
| -- |
de la tradición oral de los indios Calchaquíes (Argentina).-- |
| -- |
El regalo de la luna/ |
| -- |
de la traduición oral de los indios Guaraínes de Paraguay, Brasil y Argentina.-- |
| -- |
La cola de la zarigüeya/ |
| -- |
de la tradición oral de los indios Cora (México).-- |
| -- |
Ñucu y el cielo/ |
| -- |
de la tradición oral de los indios Chimanes (Bolivia).-- |
| -- |
El tejido de Ñadutí/ |
| -- |
de la tradición oral de los indios Guaraníes de Paraguay.-- |
| -- |
Una trampa para el Curupi/ |
| -- |
de la tradición oral de los indios Guaraníes del noroeste argentino.-- |
| -- |
La violeta amarilla/ |
| -- |
de la tradición oral de los indios Mapuches (Argentina y Chile).-- |
| -- |
Las manchas del sapo/ |
| -- |
de la tradición oral del centro y noreste argentino. |
| 650 #4 - |
| -- |
Mitos y leyendas |
| -- |
58170 |
| 650 #4 - |
| -- |
Cuentos infantiles |
| -- |
Colecciones |
| -- |
58165 |
| 902 ## - ELEMENTOS DE DATOS B LOCAL, LDB (RLIN) |
| Creó |
MarisolLicea/01092025 |
| Modificó |
Berenice Martínez/141025 |
| 942 ## - ELEMENTOS DE PUNTO DE ACCESO ADICIONAL (KOHA) |
| Fuente del sistema de clasificación o colocación |
Library of Congress Classification |
| Tipo de ítem Koha |
Libro |